000 01015cam a22002774a 4500
001 12704348
003 OSt
005 20240627110151.0
008 020314s2002 enk b 001 0 eng
010 _a 2002004127
020 _a1853838411 (hbk. : alk. paper)
020 _a185383842X (pbk. : alk. paper)
040 _aDLC
_cMUST
_dDLC
042 _apcc
082 0 0 _a338.927 DRE 2002
100 1 _aDresner, Simon,
_d1969-
_918201
245 1 4 _aThe principles of sustainability /
_cSimon Dresner.
260 _aLondon ;
_aSterling, VA :
_bEarthscan Publications Ltd,
_c2002.
300 _a200 p. ;
_c24 cm.
504 _aIncludes bibliographical references (p. [186]-191) and index.
650 0 _aSustainable development.
_91103
650 0 _aEconomic development
_xEnvironmental aspects.
_91104
906 _a7
_bcbc
_corignew
_d1
_eecip
_f20
_gy-gencatlg
942 _2ddc
_cO_SHELF
999 _c8975
_d8975